000 00428nam a2200157 i 4500
001 bg
100 1 _aGovoruščenko, N. ~7A.
245 0 _aDiagnostika techniceskogo rostojanija avtomobile /
_cN. Ja. Govoruscenko.
260 _aMoskva :
_bIzdatel'stvo "Transport",
_c1970.
300 _as. 253 :
_bilustr.
040 _cBPK
041 _apol
080 _a629.113
942 _cKS
008 s pl f |000 0 pol
999 _c13009
_d13009